| 000 | 01026cam a2200133 4500500 | ||
|---|---|---|---|
| 005 | 20260329023150.0 | ||
| 041 | _afre | ||
| 042 | _adc | ||
| 100 | 1 | 0 |
_aMiraux, Jean-Philippe _eauthor |
| 245 | 0 | 0 | _aL'autobiographie : Écriture de soi et sincérité |
| 260 |
_bArmand Colin,
_c2009. |
||
| 520 | _aQuelles sont les raisons profondes qui poussent un homme à écrire rétrospectivement l'histoire de sa vie ? Quels sont les enjeux d'un tel projet du triple point de vue de la création, de l'esthétique et de la réception ? À partir de la lecture des œuvres majeures du genre — notamment celles de Rousseau, de Stendhal, de Sartre et de Leiris —, ce livre tente de répondre aux questions fondamentales de l'écriture de soi. II interroge par ailleurs cette quête scripturaire qu'entreprend un écrivain lorsqu'il tente de lier autobiographie et création littéraire, récit de vie et œuvre d'art. | ||
| 856 | 4 | 1 | _uhttps://shs.cairn.info/l-autobiographie--9782200243210?lang=fr&redirect-ssocas=7080 |
| 999 |
_c1925176 _d1925176 |
||